El Derecho Contable de Fusiones y Escisiones (Ajustado a las Normas Internacionales de Informacin̤ Financiera) /

Detalles Bibliográficos
Autor principal: Fernǹdez del Pozo, Luis
Formato: eBook
Lenguaje:español
Publicado: Madrid: Marcial Pons, 2007
Materias:
Acceso en línea:Acceso restringido

MARC

LEADER 00000nam a22000007a 4500
005 20170214212042.0
007 cr|||| ||||
008 170214s2007 es |||||s|||| 00||0 spa d
020 |a 978-84-9123-140-0 
035 |a 14690 
040 |a vLex 
090 |c 6544  |d 6544 
100 1 |a Fernǹdez del Pozo, Luis 
245 1 2 |a El Derecho Contable de Fusiones y Escisiones  |h [Recurso electrn̤ico] :  |b (Ajustado a las Normas Internacionales de Informacin̤ Financiera) /  |c Luis Fernǹdez del Pozo 
256 |a Servicio en ln̕ea 
260 |a Madrid:  |b Marcial Pons,  |c 2007 
300 |a 1 recurso electrn̤ico 
506 1 |a Disponible solo en los productos indicados  |d vLex Global  |d vLex Global (Academic Edition, excluding Law Schools)  |d vLex Global (U.S. Academic Edition, Law Schools)  |d vLex Global (U.S. Academic Edition, excluding Law Schools)  |d vLex Global (Academic Edition, Law Schools) 
650 0 4 |a Derecho Mercantil y de la Empresa  |z Espaą 
740 0 |a vLex Libros (Servicio en ln̕ea) 
856 4 0 |u http://vlex.com/source/derecho-contable-fusiones-escisiones-14690  |z Acceso restringido 
942 |c BOOK 
999 0 |a Commercial and Company Law